Genesio : obra fársica en quince cuadros /

I tiakina i:
Ngā taipitopito rārangi puna kōrero
Kaituhi matua: Galindo, Hernán (autor)
Hōputu: Pukapuka
Reo:Pāniora
I whakaputaina: Monterrey, México : Castillo, 1995, c1995
Rangatū:(Más Allá ; 8)
Ngā marau:
Ngā Tūtohu: Tāpirihia he Tūtohu
Kāore He Tūtohu, Me noho koe te mea tuatahi ki te tūtohu i tēnei pūkete!

MARC

LEADER 00000nam^a2200000^a^4500
001 000105602
005 20250521000000.0
009 20260310093505.996
020 |a 968-7415-15-0 
037 |a Acervo ITESO - Biblioteca 
041 |a ESP 
082 |a 862.  |b GAR 
100 |a Galindo, Hernán  |e (autor) 
245 1 0 |a Genesio :  |b obra fársica en quince cuadros /  |c H. Galindo. 
264 4 |a Monterrey, México :  |b Castillo,  |c 1995, c1995 
300 |a 115 p. 
336 |a texto  |b txt  |2 rdacontenido 
337 |a sin mediación  |b n  |2 rdamedio 
338 |a volumen  |b nc  |2 rdasoporte 
440 1 |a (Más Allá ;  |v 8) 
649 |a XX 
650 |a Teatro Mexicano 
650 |a Literatura Mexicana -  |y Siglo XX 
910 |a Fondo General 
920 |a Impresos - Libros 
930 |a Colección General 
940 |a Literatura 
905 |a 101 
901 |a 0500041603  |b IT1  |c LIT  |u 20250521 
902 |a https://opac.biblio.iteso.mx/vufind/Record/000105602